000 02480 a2200253 4500
003 NALT
005 20250818221511.0
008 231127b th ||||| |||| 00| 0 tha d
020 _a9786163143440
040 _aNALT
100 0 _aประสิทธิ์ ปิวาวัฒนพานิช.
_95924
245 1 0 _aความรู้ทั่วไปเกี่ยวกับกฎหมาย /
_cประสิทธิ์ ปิวาวัฒนพานิช.
_h[electronic resource]
260 _aกรุงเทพฯ :
_bสำนักพิมพ์มหาวิทยาลัยธรรมศาสตร์,
_c2561.
300 _aOnline resource
502 _a
505 2 _aส่วนทีหนึ่ง ภาคทั่วไป: สังคมกับกฎหมาย -- บทที่ 1 สถาบันสังคม: จากครอบครัวสู่รัฐ -- บทที่ 2 บ่อเกิดของกฎหมาย -- บทที่ 3 การแบ่งประเภทของกฎหมาย -- บทที่ 4 ขอบเขตการบังคับใช้กฎหมาย -- บทที่ 5 การตีความกฎหมาย -- บทที่ 6 ธรรมเนียมปฏิบัติทางกฎหมายของซีวิลลอว์และคอมมอนเลอว์ -- ส่วนที่สอง ภาคเฉพาะ: ความรู้ทั่วไปเกี่ยวกับกฎหมาย -- บทที่ 7 ความรู้เบื้องต้นเกี่ยวกับกฎหมายแพ่ง: 1 -- บทที่ 8 ความรู้เบื้องต้นเกี่ยวกับกฎหมายแพ่ง: 2 -- บทที่ 9 กฎหมายรัฐธรรมนูญ -- บทที่ 10 กฎหมายขัดกัน -- บทที่ 11 กฎหมายระหว่างประเทศ -- บทสรุปและข้อคิดเห็น.
650 4 _aกฎหมาย
_zไทย
_94701
650 4 _936069
_aการบังคับใช้กฎหมาย
850 _aNALT
856 4 0 _uhttps://ebook.parliament.go.th/ebookall/example/432043
_zE-Book
942 _2lcc
_cEBK
996 _ai001
_bCATSTF
_c2023-12-20
999 _c102697
_d102697
998 _j25
_k นีลวัสน์ อินทรักษา